00622nab a2200205 uc450000100070000000500170000700800410002403500110006503500210007604000130009704100080011010000270011824500560014565000260020165000240022765000250025165000170027665000160029377301070030970732520240504090514.0011125s2001 spa  a707325 a(OCoLC)819924318 ccomduadb aspa10aWortman, Ana4auteaut10aGlobalizacion cultural, consumos y exclusion social 7aCambio cultural2lemb aCultura - Argentina 7aExclusión social2 7aEstado2lemb aClase media0 tNueva Sociedad (Caracas, Buenos Aires)gNo. 175, Sep.-Oct. 2001, p. 136-142w315476x0251-35520106633